000 00717nam a2200265Ia 4500
003 OSt
005 20221006142414.0
006 a|||||r|||| 00| 0
007 ta
008 221006b |||||||| |||| 00| 0 eng d
020 _c
_7.00 (each)
024 _a6,307
037 _cTextual
040 _aEASL
_cEASL
_beng
041 _2eng
_aeng
082 _aY:5.41.N5, J9
100 _aHo Ping-ti
_914913
245 0 _aStudies on the population of China, 1368-1953
260 _aCambridge
_bHarvard University Press
_c1959
300 _a333+32p.
_ccm.
490 _aHarvard East Asian Studies, 4
650 _aCEL
942 _hY:5.41.N5, J9
_cTEXL
_2CC
999 _c1074393
_d1074393